00000000nam##2200000za#4500
0019.632204
003CaOODSP
00520210624214707
007cr |||||||||||
008150407|2005||||xxc|||||o    f|0| 0 fre|d
020 |a0-662-70051-1
040 |aCaOODSP|bfre
043 |an-cn---
0861 |aHS28-33/2005F-PDF
1101 |aCanada.|bRessources humaines et Développement des compétences Canada. |bPolitique stratégique et planification.
24510|aProgramme de vérifications ponctuelles des bénéficiaires de contribution |h[ressource électronique]
260 |aOttawa - Ontario : |bRessources humaines et Développement des compétences Canada. |c2005.
590 |a13-09-Supp|b2013-04-04
69107|aProgramme fédéral|2gcpds
69107|aVérification|2gcpds
77508|tProgram of spot audits of contribution recipients |w(CaOODSP)9.687761
85640|ahttp://publications.gc.ca|qPDF|s313 Ko|uhttps://publications.gc.ca/collections/collection_2013/rhdcc-hrsdc/HS28-33-2005-fra.pdf
986 |aSP-610-12-04F